English Premier League Team Nicknames - Statistics

General Stats
  • This quiz has been taken 1,059 times
    918 since last reset
  • The average score is 15 of 20
Answer Stats
Team Nickname % Correct
Arsenal The Gunners
97%
Manchester United The Red Devils
91%
Everton The Toffees
91%
Chelsea The Blues
88%
Nottingham Forest The Reds
88%
Wolverhampton Wanderers Wolves
88%
Liverpool The Reds
87%
Tottenham Hotspur The Lillywhites
86%
West Ham United The Hammers
80%
Leicester City The Foxes
79%
Brentford The Bees
77%
Aston Villa The Villa
76%
Brighton and Hove Albion The Seagulls
75%
Manchester City The Citizens
68%
Crystal Palace The Eagles
66%
Bournemouth The Cherries
65%
Newcastle United The Magpies
65%
Southampton The Saints
56%
Fulham The Cottagers
53%
Leeds United The Whites
37%
No matching quizzes found
Score Distribution
Percent of People with Each Score
Percentile by Number Answered
Your Score History
You have not taken this quiz since the last reset